LEADER 00863nam a2200193 i 4500 001 000000258687 003 CaOOAMICUS 005 20180529000000.0 008 180529s1824 it u000 u ita u 013 $a237595 026 $aalra 2.n- dole povi (7) 1824 (R) 040 $aSeMil$bita 240 10$aIstorie fiorentine di Scipione Ammirato libro quarto.$0(OLS)http://semarc/title/413611 245 10$aTomo 2. 300 $a252 p. 773 0 $aAmmirato, Scipione <1531-1601>$tIstorie fiorentine di Scipione Ammirato. Parte prima [-seconda] con l'aggiunte di Scipione Ammirato il Giovane contrasegnate in carattere corsivo. Tomo 1. [-11.].$dFirenze : Per L. Marchini e G. Becherini, 1824-1827.$g2$w()4921 850 $aSeMil 852 $aSeMil$W1$xVenegono$y1$m1T III 3 FA$j209033$B209033$CSeMilBibl$Z2$F222726 $8I 996 $6245$aTomo 2$9(OLS)http://semarc/title/49331 LEADER 00639nab a2200145 i 4500 001 000000281310 003 CaOOAMICUS 005 20140715000000.0 008 140715n xx uu u0 0und r 013 $a33864 040 $aSeMil$bita 245 13$aLa philosophie et son langage dans la philosophie allemande de Herder à Hegel. - Titolo principale dalla copertina. 500 $aMai 2014. 773 0 $t2014.$dLouvain-la-Neuve : Éd. de l'Institut Supérieur de Philosophie, 2014.$w()229667 996 $6245$aLa philosophie et son langage dans la philosophie allemande de Herder à Hegel. - Titolo principale dalla copertina.$9(OLS)http://semarc/title/363927